Every Age’s Best XI In Premier League - Statistics

General Stats
  • This quiz has been taken 34 times
  • The average score is 81 of 154
Answer Stats
Age Position Club Name % Correct
RW Liverpool Mohamed Salah
96%
AM Manchester United Bruno Fernandes
92%
33~ CF Nottingham Forest Chris Wood
92%
CB Liverpool Virgil van Dijk
92%
CB Tottenham Hotspur Micky van de Ven
88%
RB Newcastle Dan Burn
85%
CB Manchester United Harry Maguire
85%
AM Manchester City Bernardo Silva
81%
GK Arsenal David Raya
81%
25 CF Manchester City Erling Haaland
81%
CB Newcastle Fabian Schar
81%
LB Newcastle Kieran Trippier
81%
GK Nottingham Forest Matz Sels
81%
CB Manchester City Ruben Dias
81%
GK Liverpool Alisson
77%
CB Manchester City John Stones
77%
LW Brighton Kaoru Mitoma
77%
LB Liverpool Andrew Robertson
73%
LW Newcastle Anthony Gordon
73%
DM Newcastle Bruno Guimaraes
73%
DM Arsenal Declan Rice
73%
RW West Ham Jarrod Bowen
73%
DM Manchester City Rodri
73%
DM Aston Villa Amadou Onana
69%
RB Arsenal Ben White
69%
AM Liverpool Dominik Szoboszlai
69%
CB Arsenal Gabriel Magalhaes
69%
RW Crystal Palace Ismaila Sarr
69%
AM Tottenham Hotspur James Maddison
69%
LB Manchester United Luke Shaw
69%
CB Crystal Palace Marc Guehi
69%
29 CF Aston Villa Ollie Watkins
69%
DM Tottenham Hotspur Pape Matar Sarr
69%
RW Manchester City Phil Foden
69%
GK Chelsea Robert Sanchez
69%
CM Liverpool Alexis Mac Allister
65%
RW Arsenal Bukayo Saka
65%
GK Tottenham Hotspur Guglielmo Vicario
65%
CB Liverpool Ibrahima Konate
65%
DM Everton Idrissa Gueye
65%
GK Arsenal Kepa Arrizabalaga
65%
LB Liverpool Konstantinos Tsimikas
65%
AM Arsenal Martin Odegaard
65%
RB Manchester City Nathan Ake
65%
RB Manchester City Rico Lewis
65%
CB Arsenal William Saliba
65%
LW Liverpool Cody Gakpo
62%
AM Chelsea Cole Palmer
62%
LW Brighton Danny Welbeck
62%
RB Manchester United Diogo Dalot
62%
CM Chelsea Enzo Fernandez
62%
LW Newcastle Harvey Barnes
62%
LW Everton Jack Grealish
62%
CM Newcastle Joelinton
62%
LW Aston Villa John McGinn
62%
CB Manchester City Manuel Akanji
62%
LB Liverpool Milos Kerkez
62%
RB Chelsea Reece James
62%
CM Newcastle Sandro Tonali
62%
27 CF Arsenal Viktor Gyokeres
62%
RW Tottenham Hotspur Brennan Johnson
58%
AM Arsenal Eberechi Eze
58%
23 CF Liverpool Hugo Ekitike
58%
RW Newcastle Jacob Murphy
58%
CB Brighton Jan Paul van Hecke
58%
RB Arsenal Jurrien Timber
58%
26 CF Arsenal Kai Havertz
58%
LB Chelsea Marc Cucurella
58%
AM Arsenal Mikel Merino
58%
DM Chelsea Moises Caicedo
58%
LW Aston Villa Morgan Rogers
58%
LB Wolverhampton Rayan Ait-Nouri
58%
RB Newcastle Tino Livramento
58%
LW Newcastle Alexander Isak
54%
22 CF Manchester United Benjamin Sesko
54%
DM Aston Villa Boubakar Kamara
54%
CB Tottenham Hotspur Cristian Romero
54%
RB Crystal Palace Daniel Munoz
54%
AM Tottenham Hotspur Dejan Kulusevski
54%
LB Tottenham Hotspur Destiny Udogie
54%
GK Bournemouth Djordje Petrovic
54%
CM Nottingham Forest Eliott Anderson
54%
AM Liverpool Florian Wirtz
54%
GK Manchester City James Trafford
54%
CM Brentford Jordan Henderson
54%
CB Chelsea Levi Colwill
54%
LB Arsenal Myles Lewis-Skelly
54%
31&32 CF West Ham Niclas Fullkrug
54%
CM Liverpool Ryan Gravenberch
54%
AM Manchester City Savinho
54%
28 CF Brentford Yoane Wissa
54%
CM Aston Villa Youri Tielemans
54%
LB Fulham Antonee Robinson
50%
AM Manchester United Casemiro
50%
DM Arsenal Christian Norgaard
50%
GK Liverpool Giorgi Mamardashvili
50%
LB Manchester City Josko Gvardiol
50%
30 CF Arsenal Leandro Trossard
50%
CM Manchester City Mateo Kovacic
50%
RW Manchester City Rayan Cherki
50%
DM Tottenham Hotspur Rodrigo Bentancur
50%
CM Manchester City Tijani Reijnders
50%
LB Everton Vitaliy Mykolenko
50%
CB Manchester City Abdukodir Khusanov
46%
GK Brentford Caoimhin Kelleher
46%
DM Brighton Carlos Baleba
46%
CB Nottingham Forest Jair Cunha
46%
CB Everton Jarrad Branthwaite
46%
CB Fulham Joachim Andersen
46%
CB Manchester United Matthijs de Ligt
46%
CB Nottingham Forest Murillo
46%
24 CF Chelsea Nicolas Jackson
46%
RB Nottingham Forest Ola Aina
46%
RW Brighton Solly March
46%
LB Crystal Palace Tyrick Mitchell
46%
CM Crystal Palace Adam Wharton
42%
DM Tottenham Hotspur Archie Gray
42%
AM Arsenal Ethan Nwaneri
42%
LB Newcastle Lewis Hall
42%
RW Manchester City Omar Marmoush
42%
GK Chelsea Filip Jorgensen
38%
CM West Ham James Ward-Prowse
38%
CM Manchester United Kobbie Mainoo
38%
CB Manchester United Leny Yoro
38%
CB West Ham Maximilian Kilman
38%
RW Chelsea Estevao
35%
LW Chelsea Jamie Gittens
35%
CM Tottenham Hotspur Lucas Bergvall
35%
20 CF Tottenham Hotspur Mathys Tel
35%
CB Brighton Adam Webster
31%
DM Tottenham Hotspur Joao Palhinha
31%
RB Everton Nathan Patterson
31%
AM Manchester City Nico O’Reilly
31%
LW Liverpool Rio Ngumoha
27%
RW Tottenham Hotspur Wilson Odobert
27%
RW Brighton Yankuba Minteh
27%
CB Arsenal Cristhian Mosquera
23%
CB Liverpool Giovanni Leoni
23%
RB Liverpool Wataru Endo
23%
RB Chelsea Josh Acheampong
19%
LW Aston Villa Lucas Digne
19%
RB Brentford Michael Kayode
19%
RW Crystal Palace Daichi Kamada
15%
CB West Ham Nayef Aguerd
15%
LW Manchester United Patrick Dorgu
15%
GK Liverpool Armin Pecsi
12%
21 CF Brighton Brajan Gruda
12%
LW Brentford Fabio Carvalho
12%
~19 CF Brighton Stefanos Tzimas
12%
CB Crystal Palace Chadi Riad
8%
DM Brighton Jack Hinshelwood
8%
GK Bournemouth Callan McKenna
4%
CB Tottenham Hotspur Kota Takai
4%
GK Burnley Max Weiss
0%
No matching quizzes found
Score Distribution
Percent of People with Each Score
Percentile by Number Answered
Your Score History
You have not taken this quiz